000 02393nam a2200193Ia 4500
999 _c7257
_d7257
020 _a032141506X
020 _a9780321415066
050 _aQA76.9.D3
_b.E57
100 1 _aElmasri, Ramez.
245 1 0 _aFundamentals of database systems /
_cRamez Elmasri, Shamkant B. Navathe.
250 _aFifth edition.
260 _aBoston, Mass. :
_bPearson/Addison-Wesley,
_c2007.
300 _axxviii, 1,123 pages :
_billustrations ;
_c24 cm.
500 _a'Pearson International Edition' --Cover. Includes index
505 _aI. INTRODUCTION AND CONCEPTUAL MODELING. 1. Databases and Database Users. 2. Database System Concepts and Architecture. 3. Data Modeling Using the Entity-Relationship Model. 4. Enhanced Entity-Relationship and UML Modeling. II. RELATIONAL MODEL: CONCEPTS, CONSTRAINTS, LANGUAGES, DESIGN, AND PROGRAMMING. 5. The Relational Data Model and Relational Database Constraints. 6. Relational Algebra and Relational Calculus. 7. Relational Database Design by ER- and EER-to-Relational Mapping. 8. SQL99-Schema Definition, Constraints, and Queries. 9. More SQL-Assertions, Views, and Programming Techniques. III. DATABASE DESIGN THEORY AND METHODOLOGY. 10. Functional Dependencies and Normalization for Relational Databases. 11. Relational Database Design Algorithms and Further Dependencies. 12. Practical Database Design Methodology Using UML. IV. DATA STORAGE, INDEXING, QUERY PROCESSING, AND PHYSICAL DESIGN. 13. Disk Organization, Basic File Structures, and Hashing. 14. Indexing Structures for Files. 15. Algorithms for Query Processing and Optimization. 16. Physical Database Design and Tuning. V. TRANSACTION PROCESSING CONCEPTS. 17. Introduction to Transaction Processing Concepts and Theory. 18. Concurrency Control Techniques. 19. Database Recovery Techniques. VI. OBJECT AND OBJECT-RELATIONAL DATABASES. 20. Object Database Concepts. 21. The ODMG Standard for Object Databases. 22. Object-Relational Systems and SQL3. VII. FURTHER TOPICS. 23. Database Security, Authorization, and Encryption. 24. Enhanced Data Models for Advanced Applications. 25. Distributed Databases and Client-Server Architectures. VIII. EMERGING TECHNOLOGIES. 26. Internet Databases and XML. 27. Data Warehousing and Data Mining Concepts. 28. Emerging Database Technologies and Applications.
650 0 _aDatabase management.
700 1 _aNavathe, Sham.
942 _cBK